00664nam a2200169 a 450000100100000000500170001000800410002704000250006810000330009324500910012626000770021730000200029450400270031470000310034195201050037299900170047700004415420201002045201.0140602s1994 dr 000 0 spa d aDO-SdBNPbspacBNPHU1 aRodríguez, Nelsón95044410aGimnasia trans-formativa :bcurso básico /cNelsón Rodríguez, Rafael E. Mateo G. aSan Francisco de Macoris, República Dominicana :bEditora S A.,c1994. a79 p. ;c22 cm. aBibliografía : p. 7912aMateo G., Rafael E.972168 0010718PDaGRbGRcCTd2014-06-02iLF1l0o p44154-10r2020-06-25w2020-06-25yLFPDZNo se presta c43643d43643